Statistics for Roman Numerals (Hard)

Click here to take the quiz!

General Stats

  • This quiz has been taken 119 times
  • The average score is 10 of 16

Answer Stats

Arabic NumberRoman numeral% Correct
18XVIII
100%
14XIV
98%
29XXIX
96%
37XXXVII
94%
64LXIV
85%
113CXIII
79%
89LXXXIX
77%
48XLVIII
75%
146CXLVI
60%
191CXCI
56%
248CCXLVIII
52%
363CCCLXIII
48%
437CDXXXVII
40%
615DCXV
37%
888DCCCLXXXVIII
29%
3999MMMCMXCIX
17%

Score Distribution

Percentile by Number Answered

Percent of People with Each Score

Your Score History

You have not taken this quiz